000 00896nam a22001817a 4500
003 OSt
005 20251127091445.0
008 251127b |||||||| |||| 00| 0 eng d
040 _cDCL
082 _a၂၉၄.၃၈၂၃၅၆
130 _aတိပိဋက။
_pသုတ္တန္တပိဋက။
_pခုဒ္ဒကနိကာယ။
_tအပါဒါန်၊
_lအဋ္ဌကထာ။
245 _aအပဒါနဋ္ဌကထာ၊
_bဒုတိယတွဲ။
264 _aရန်ကုန် ၊
_bနိုင်ငံတော်ဗုဒ္ဓသာသနာအဖွဲ့၊
_c၁၉၅၉။
300 _aဉ၊ ၃၆၁ စာမျက်နှာ ၊
_c၂၅ စင်တီ။
650 _aအပဒါန်
_vအဋ္ဌကထာ။
650 _aအပါဒါန်
_vအဋ္ဌကထာ။
942 _2ddc
_cSHORT TERM
_n0
999 _c2642
_d2642